Great Literature #49 - Statistics

General Stats
  • This quiz has been taken 81 times
  • The average score is 8 of 20
Answer Stats
Hint Explanation Answer % Correct
Edgar Allan Poe 1841 The Murders in the Rue Morgue
76%
Agatha Christie 1920 The Mysterious Affair at Styles
66%
Willa Cather 1913 O Pioneers!
60%
Euripides 428 BCE (Ἱππόλυτος) Hippolytus
56%
Yasunari Kawabata 1949-1951, published serially (千羽鶴) Thousand Cranes
50%
Oscar Wilde 1897 De Profundis
48%
Elfriede Jelinek 1983 (Die Klavierspielerin) The Piano Teacher
42%
H. P. Lovecraft 1936, published serially At the Mountains of Madness
38%
Guanzhong Luo 14th century (三國演義) Romance of the Three Kingdoms
36%
Tsitsi Dangarembga 1988 Nervous Conditions
34%
Camara Laye 1953 (L'Enfant noir) The Dark Child (UK) / The African Child (US)
34%
Natalie Babbitt 1975 Tuck Everlasting
34%
Elizabeth Gaskell 1854-1855, published serially North and South
30%
John Wyndham 1957 The Midwich Cuckoos
28%
Marjorie Kinnan Rawlings 1938 The Yearling
28%
Mario Vargas Llosa 1963 (La ciudad y los perros) The Time of the Hero
26%
Louis-Ferdinand Céline 1936 (Mort à crédit) Death on Credit (UK) / Death on the Installment Plan (US)
24%
Harriet E. Wilson 1859 Our Nig
20%
George Meredith 1879 The Egoist
16%
Elizabeth Bowen 1948 The Heat of the Day
14%
No matching quizzes found
Score Distribution
Percent of People with Each Score
Percentile by Number Answered
Your Score History
You have not taken this quiz